| 000 | 00696cam a2200241 4500 | ||
|---|---|---|---|
| 001 | 6994 | ||
| 005 | 20230410123401.0 | ||
| 008 | 060907n2001 cau eng | ||
| 020 | _a0873376013 | ||
| 020 | _a9780873376013 | ||
| 035 | _9funglode7058 | ||
| 041 | _aeng | ||
| 050 | 1 | 4 |
_aK 1401 _bE42p 2001 |
| 100 | 1 | _aElias, Stephen | |
| 245 | 1 | 0 |
_aPatent, copyright & trademark / _cby Stephen Elias and Richard Stim. |
| 250 | _a4a ed. | ||
| 260 |
_aBerkeley, Calif. : _bNolo Press, _c2001. |
||
| 300 |
_a496 p. : _bill., forms ; _c23 cm. |
||
| 650 | 0 | _aIntellectual property | |
| 650 | 0 |
_aIntellectual property _zUnited States _vPopular works. |
|
| 700 | 1 | _aStim, Richard | |
| 942 |
_2lcc _cbk |
||
| 999 |
_c60334 _d60334 |
||